000 00355nam a2200133Ia 4500
005 20260328104316.0
008 260328s9999||||xx |||||||||||||| ||und||
100 _aCoyle, Martin
245 0 _aModern Urban Landscapes :
_b Creating Energy -Efficient Designs /
_cMartin Coyle
260 _bImages
300 _a246 p.
650 _aPAISAJISMO
942 _cBK
999 _c11155
_d11155